ឡាដាវ៉ាន់ ផ្ដាអរគីដេព្រៃ / (Record no. 1713)
[ view plain ]
| 000 -LEADER | |
|---|---|
| fixed length control field | 02309nam a22002897a 4500 |
| 001 - CONTROL NUMBER | |
| control field | 1713 |
| 003 - CONTROL NUMBER IDENTIFIER | |
| control field | FISKH |
| 005 - DATE AND TIME OF LATEST TRANSACTION | |
| control field | 20230919092121.0 |
| 008 - FIXED-LENGTH DATA ELEMENTS--GENERAL INFORMATION | |
| fixed length control field | 230919b cb ||||| |||| 00| 0 khr d |
| 020 ## - INTERNATIONAL STANDARD BOOK NUMBER | |
| International Standard Book Number | 9789924341154 |
| 040 ## - CATALOGING SOURCE | |
| Original cataloging agency | FISKH |
| Language of cataloging | eng |
| Transcribing agency | FISKH |
| Modifying agency | FISKH |
| 082 ## - DEWEY DECIMAL CLASSIFICATION NUMBER | |
| Classification number | 582.13 |
| 100 ## - MAIN ENTRY--PERSONAL NAME | |
| Personal name | Dulac, Christophe Vanllantin |
| 245 ## - TITLE STATEMENT | |
| Title | ឡាដាវ៉ាន់ ផ្ដាអរគីដេព្រៃ / |
| Statement of responsibility, etc. | Lada Vallantin Dulac ; Joelle Cuvilliez - ប្រែសម្រួលពីភាសាបារាំងដោយ ហួត សុជាតា |
| 260 ## - PUBLICATION, DISTRIBUTION, ETC. | |
| Place of publication, distribution, etc. | Phnom Penh : |
| Name of publisher, distributor, etc. | Sipar, |
| Date of publication, distribution, etc. | 2020. |
| 300 ## - PHYSICAL DESCRIPTION | |
| Extent | 238 pages : |
| Dimensions | 20 cm |
| 505 ## - FORMATTED CONTENTS NOTE | |
| Formatted contents note | Z'<br/> |
| 520 ## - SUMMARY, ETC. | |
| Summary, etc. | «ឡាវាន់ដា ផ្កាអរគីដេព្រៃ» ជាកំណត់ហេតុបែបប្រលោមលោក ដែលរៀបរាប់ពីជីវិតរស់នៅរបស់គ្រួសារធូរធារមួយនៅបាត់ដំបង។ ឡាវាន់ដារៀបរ៉ាប់ពីទិដ្ឋភាព ការរស់នៅដ៏រីករាយរបស់ក្រុមគ្រួសារនាងតាមបែបអ្នកជនបទនាសម័យលន់ នល់ សេចក្ដីលំបាក វេទនានិងសោកសង្រេងក្នុងសម័យប៉ុលពត ការរត់ភាសខ្លួនទៅនៅជុំរុំប្រទេស ជិតខាង និងជិវិតថ្មីក្រោយពីការព្យាបាលជំងឺរ៊៉ាំរៃនៅប្រទេសបារាំង។ |
| 520 ## - SUMMARY, ETC. | |
| Summary, etc. | "Wild Lavender Orchid" is a novel that describes the life of a wealthy family in Battambang. Lavanda recounts the happy life of her family in the rural Lon Nol era, the hardships and sorrows of the Pol Pot era, the exodus to neighboring countries and a new life after chronic illness in France. |
| 521 8# - TARGET AUDIENCE NOTE | |
| Target audience note | 1120<br/> |
| Source | Lexile estimate<br/> |
| 521 8# - TARGET AUDIENCE NOTE | |
| Target audience note | Z'<br/> |
| Source | Raz-Plus<br/> |
| 650 ## - SUBJECT ADDED ENTRY--TOPICAL TERM | |
| Topical term or geographic name entry element | ប្រលោមលោក រស់នៅ លំបាក ភៀសខ្លួន |
| 650 ## - SUBJECT ADDED ENTRY--TOPICAL TERM | |
| Topical term or geographic name entry element | Novel |
| Form subdivision | Live |
| General subdivision | Hardship |
| Chronological subdivision | Immigrate |
| 700 ## - ADDED ENTRY--PERSONAL NAME | |
| Personal name | Cuvilliez, Joelle |
| Relator term | Author |
| 700 ## - ADDED ENTRY--PERSONAL NAME | |
| Personal name | Socheata, Huot |
| Relator term | Translator |
| 942 ## - ADDED ENTRY ELEMENTS (KOHA) | |
| Source of classification or shelving scheme | Dewey Decimal Classification |
| Koha item type | Khmer Books |
| Suppress in OPAC | No |
| Withdrawn status | Lost status | Source of classification or shelving scheme | Damaged status | Not for loan | Collection | Home library | Current library | Shelving location | Date acquired | Total Checkouts | Full call number | Barcode | Date last seen | Date last checked out | Copy number | Price effective from | Koha item type |
|---|---|---|---|---|---|---|---|---|---|---|---|---|---|---|---|---|---|
| Dewey Decimal Classification | Khmer Language Books / សៀវភៅភាសាខ្មែរ | Footprints International School Library Network Toul Tom Poung Campus | Footprints International School Library Network Toul Kork Campus | TTP Secondary Khmer Bookshelves | 09/19/2023 | 1 | DUL 582.13 | 2023-0655 | 01/13/2026 | 05/28/2025 | 1 | 09/19/2023 | Khmer Books | ||||
| Dewey Decimal Classification | Khmer Language Books / សៀវភៅភាសាខ្មែរ | Footprints International School Library Network Toul Kork Campus | Footprints International School Library Network Toul Kork Campus | TK Campus, Room B402, Khmer Book Case 16, Shelves 112-123 / ទូរសៀវភៅខ្មែរលេខ ១៦ ធ្នើរ ១១២ ដល់ ១២៣ បន្ទប់ B402 សាខាទួលគោក | 09/19/2023 | 1 | DUL 582.13 | 2023-0656 | 10/07/2024 | 09/12/2024 | 2 | 09/19/2023 | Khmer Books |
